Science Quiz

Random Science or Animal Quiz

The Birds and the Bees Quiz Stats

 Plays Quiz Updated Apr 27, 2018

Challenge
Share
Tweet
Embed
Score 0/10 Timer 01:00
0 Plays Today
% Correct
Falcon
97.2%
Albatross
95.6%
Woodpecker
95.3%
Fowl
89.8%
Swift
85.5%
Tern
84.7%
Plover
78.7%
Potoo
66.7%
Frogmouth
65.1%
Turaco
64.3%

You're not logged in!

Compare scores with friends on all Sporcle quizzes.
OR
Log In

You Might Also Like...

Show Comments

Extras

Top Quizzes Today


Score Distribution

Your Account Isn't Verified!

In order to create a playlist on Sporcle, you need to verify the email address you used during registration. Go to your Sporcle Settings to finish the process.

Report this User

Report this user for behavior that violates our Community Guidelines.

Details: